[Event "M.Chigorin Memorial 2014"]
[Site "St. Petersburg"]
[Date "2014.10.20"]
[Round "3.70"]
[White "Dzhumagaliev, Yan"]
[Black "Semenenko, Sergey"]
[Result "1-0"]
[WhiteElo "2415"]
[BlackElo "2130"]
[PlyCount "162"]
[EventDate "2014.10.18"]
[EventType "swiss"]
[EventCountry "RUS"]

1. Nf3 Nf6 2. c4 c5 3. Nc3 e6 4. g3 b6 5. Bg2 Bb7 6. O-O Be7 7. d4 cxd4 8. Qxd4
d6 9. Rd1 a6 10. Bg5 Nbd7 11. Bxf6 Nxf6 12. Ng5 Bxg2 13. Kxg2 O-O 14. Nge4 Nxe4
15. Nxe4 Qc7 16. Rd3 Rfd8 17. Rb3 Rab8 18. Qd3 Qc6 19. f3 h6 20. Rc3 Rd7 21.
Rac1 Rbd8 22. Qe3 Kf8 23. h4 Kg8 24. Rb3 Rb7 25. Nf2 Qc7 26. Nd3 Ra8 27. Nf4
Rc8 28. Rbc3 Bf6 29. R3c2 Be7 30. Qe4 Rbb8 31. b4 Qb7 32. Qe3 Rc7 33. a4 Qc8
34. Qb3 Qd7 35. Nd3 Qc8 36. b5 a5 37. Nf4 Rc5 38. Nd3 Rc7 39. Nf2 Qb7 40. Ne4
Rd8 41. Qe3 Rdc8 42. Rc3 Rd8 43. Rd1 Rcd7 44. Rcd3 Qc7 45. Rd4 Kf8 46. R1d3 d5
47. cxd5 exd5 48. Rc3 Bc5 49. Nxc5 bxc5 50. Qc1 Qe5 51. Rd2 c4 52. Qc2 Kg8 53.
Kh2 Rd6 54. e3 Qe7 55. Rd4 R6d7 56. Kg2 Qb4 57. h5 Rd6 58. Kh3 Qc5 59. Qb2 Qb4
60. Qa1 Qc5 61. Rc1 Re8 62. Qc3 Qb4 63. e4 Qxa4 64. Rb1 Qa2 65. Rb2 Qa1 66.
Rdd2 f5 67. exf5 a4 68. Qb4 Red8 69. b6 a3 70. Rb1 Qf6 71. b7 Rb8 72. g4 c3 73.
Rc2 d4 74. Qxa3 Rdd8 75. Qc5 Kh7 76. Qc4 Qe5 77. Qd3 Kh8 78. Rb3 Qc7 79. Rb4
Qc6 80. Rc1 Qd5 81. f6 Qf7 1-0

[Event "M.Chigorin Memorial 2014"]
[Site "St. Petersburg"]
[Date "2014.10.20"]
[Round "3.71"]
[White "Ivanov, Sergei V"]
[Black "Caprio, Guido"]
[Result "0-1"]
[WhiteElo "2146"]
[BlackElo "2412"]
[PlyCount "68"]
[EventDate "2014.10.18"]
[EventType "swiss"]
[EventCountry "RUS"]

1. e4 c5 2. Nc3 Nc6 3. Bb5 g6 4. Bxc6 bxc6 5. d3 Bg7 6. f4 d6 7. Nf3 Nh6 8. O-O
O-O 9. Kh1 f5 10. e5 Nf7 11. Qe2 Rb8 12. b3 Qc7 13. Re1 g5 14. Bb2 g4 15. exd6
exd6 16. Nd2 Nd8 17. Na4 Bh6 18. g3 Ne6 19. Qf2 Nd4 20. Nc4 Bg7 21. Re3 Be6 22.
Nc3 Qf7 23. Nxd6 Bd5+ 24. Kg1 Qg6 25. Nxd5 cxd5 26. c3 Nf3+ 27. Rxf3 gxf3 28.
Qxc5 Qe6 29. Rf1 Rfd8 30. Nb5 Qe2 31. Rf2 Qd1+ 32. Rf1 Qc2 33. Rf2 Qb1+ 34. Rf1
Qxb2 0-1

[Event "M.Chigorin Memorial 2014"]
[Site "St. Petersburg"]
[Date "2014.10.20"]
[Round "3.72"]
[White "Wallace, John Paul"]
[Black "Korchagina, Viktoria"]
[Result "1-0"]
[WhiteElo "2408"]
[BlackElo "2124"]
[PlyCount "43"]
[EventDate "2014.10.18"]
[EventType "swiss"]
[EventCountry "RUS"]

1. e4 c5 2. Nf3 Nc6 3. d4 cxd4 4. Nxd4 Nf6 5. Nc3 d6 6. Bc4 e6 7. Be3 a6 8. Qe2
Qc7 9. O-O-O Be7 10. Bb3 b5 11. g4 Nxd4 12. Rxd4 Nd7 13. g5 O-O 14. Qh5 Ne5 15.
f4 Nc4 16. Bxc4 bxc4 17. f5 exf5 18. Rf1 g6 19. Qh6 f6 20. Nd5 Qd8 21. exf5
Bxf5 22. Rxf5 1-0

[Event "M.Chigorin Memorial 2014"]
[Site "St. Petersburg"]
[Date "2014.10.20"]
[Round "3.73"]
[White "Vastrukhin, Oleg"]
[Black "Dobrovlyanskiy, Dmitriy"]
[Result "1-0"]
[WhiteElo "2397"]
[BlackElo "2117"]
[PlyCount "93"]
[EventDate "2014.10.18"]
[EventType "swiss"]
[EventCountry "RUS"]

1. Nf3 d5 2. g3 Nc6 3. d4 Bf5 4. Bg2 e6 5. O-O Nb4 6. Na3 Nf6 7. c3 Na6 8. Nc2
h6 9. Ne3 Bh7 10. Ne5 Bd6 11. Qa4+ c6 12. b3 Nc5 13. Nxc6 Nxa4 14. Nxd8 Nxc3
15. Nxb7 Nxe2+ 16. Kh1 Bb4 17. Bb2 Rb8 18. Nc5 Bc3 19. Bxc3 Nxc3 20. Rfc1 Ne2
21. Rd1 O-O 22. Bf1 Nc3 23. Rdc1 Nce4 24. f3 Nd6 25. Kg2 Nb5 26. Bxb5 Rxb5 27.
Kf2 Rb4 28. Rd1 a5 29. Rac1 Rb6 30. h3 Rd8 31. Ng4 Ne8 32. Ne5 f6 33. Na4 Rbd6
34. Nc6 Ra8 35. Rc5 Ra6 36. Nxa5 Kf7 37. b4 Ra7 38. Nc3 Rb6 39. Nb5 Rd7 40. a4
Nd6 41. Nxd6+ Rbxd6 42. Rdc1 e5 43. Ke3 g5 44. b5 Re7 45. Rc7 Rde6 46. Rxe7+
Rxe7 47. b6 1-0

[Event "M.Chigorin Memorial 2014"]
[Site "St. Petersburg"]
[Date "2014.10.20"]
[Round "3.74"]
[White "Pyatin, Alexander"]
[Black "Ponfilenok, Vladimir"]
[Result "0-1"]
[WhiteElo "2142"]
[BlackElo "2389"]
[PlyCount "144"]
[EventDate "2014.10.18"]
[EventType "swiss"]
[EventCountry "RUS"]

1. e4 e6 2. d4 d5 3. Nc3 Bb4 4. exd5 exd5 5. Bd3 c6 6. Nge2 Ne7 7. a3 Bd6 8.
Bf4 Bf5 9. Qd2 O-O 10. O-O Bxd3 11. Qxd3 Ng6 12. Bxd6 Qxd6 13. Qg3 Qxg3 14.
hxg3 Nd7 15. Nc1 f5 16. Nd3 f4 17. gxf4 Nxf4 18. Nxf4 Rxf4 19. Rad1 Re8 20. g3
Rf6 21. Rfe1 Rfe6 22. Kf1 Nf6 23. Rxe6 Rxe6 24. Re1 Kf7 25. b4 g5 26. f3 h5 27.
a4 Rxe1+ 28. Kxe1 Ke6 29. Kf2 Ne8 30. Ne2 Nd6 31. g4 h4 32. Kg2 Kf6 33. a5 Nc4
34. c3 Ne3+ 35. Kf2 Nd1+ 36. Kg2 Nb2 37. Kf2 Nd3+ 38. Kg2 b6 39. axb6 axb6 40.
Kg1 Ke6 41. Kg2 Kd6 42. Kg1 c5 43. bxc5+ bxc5 44. Kg2 cxd4 45. cxd4 Ke6 46. Kg1
Kf6 47. Kg2 Ke6 48. Kh1 Kf6 49. Kg1 Nb4 50. Kg2 Nc6 51. Kh3 Ne7 52. Nc3 Ke6 53.
f4 Kf6 54. f5 Kf7 55. Kh2 Ke8 56. Kh3 Kd7 57. f6 Nc6 58. f7 Ke7 59. Nxd5+ Kxf7
60. Ne3 Nxd4 61. Ng2 Nf3 62. Ne3 Ke6 63. Nf5 Ke5 64. Nh6 Kf4 65. Nf7 Ne5 66.
Nh6 Kf3 67. Nf5 Ng6 68. Nd4+ Ke4 69. Nf5 Nf4+ 70. Kh2 Kf3 71. Nh6 Nd3 72. Kg1
Ne5 0-1

[Event "M.Chigorin Memorial 2014"]
[Site "St. Petersburg"]
[Date "2014.10.20"]
[Round "3.75"]
[White "Karasev, Vladimir I"]
[Black "Dyakonova, Ekaterina"]
[Result "1-0"]
[WhiteElo "2377"]
[BlackElo "2112"]
[PlyCount "81"]
[EventDate "2014.10.18"]
[EventType "swiss"]
[EventCountry "RUS"]

1. Nf3 Nf6 2. g3 g6 3. Bg2 Bg7 4. O-O O-O 5. d3 d5 6. c3 c5 7. Qa4 Nc6 8. Qh4
Re8 9. e4 dxe4 10. dxe4 Bg4 11. Na3 Bxf3 12. Bxf3 Ne5 13. Be2 a6 14. f4 Nc6 15.
Rd1 Qc7 16. e5 Nd7 17. Nc4 Rad8 18. Be3 b5 19. Nd2 c4 20. Ne4 h6 21. Bf3 Na5
22. Kg2 Nb7 23. b4 cxb3 24. axb3 Ndc5 25. b4 Nxe4 26. Bxe4 Qxc3 27. Bf2 Rxd1
28. Rxd1 Qc7 29. Qg4 Rd8 30. Ra1 a5 31. Qf3 Rb8 32. Bxb7 Rxb7 33. bxa5 Qc8 34.
a6 Rb8 35. a7 Ra8 36. Rc1 Qd8 37. Qb7 Kh7 38. Rc7 Bf8 39. Rd7 Qe8 40. Qxb5 e6
41. Rb7 1-0

[Event "M.Chigorin Memorial 2014"]
[Site "St. Petersburg"]
[Date "2014.10.20"]
[Round "3.76"]
[White "Manin, Viktor"]
[Black "Triapishko, Olexandr"]
[Result "0-1"]
[WhiteElo "2137"]
[BlackElo "2369"]
[PlyCount "131"]
[EventDate "2014.10.18"]
[EventType "swiss"]
[EventCountry "RUS"]

1. d4 Nf6 2. Nf3 g6 3. c4 Bg7 4. Nc3 d5 5. cxd5 Nxd5 6. e4 Nxc3 7. bxc3 c5 8.
Rb1 O-O 9. Be2 b6 10. O-O Bb7 11. Qc2 cxd4 12. cxd4 Qc8 13. Qd3 Ba6 14. Qe3
Bxe2 15. Qxe2 Qa6 16. Qxa6 Nxa6 17. Ba3 Rfc8 18. Rfc1 e6 19. Be7 Re8 20. Bg5
Rac8 21. Kf1 h6 22. Be3 f5 23. e5 Bf8 24. a4 Nc7 25. Rc6 Nd5 26. Rbc1 Rxc6 27.
Rxc6 Kf7 28. Bd2 Ke7 29. h4 Kd7 30. Rc1 Rc8 31. Rxc8 Kxc8 32. Ke2 Kd7 33. Kd3
Kc6 34. Kc4 a6 35. g3 b5+ 36. axb5+ axb5+ 37. Kb3 Nb6 38. h5 gxh5 39. Nh4 Nc4
40. Bf4 Be7 41. Ng6 Bg5 42. Kc3 Nb6 43. Kd3 b4 44. Bd2 b3 45. Ba5 Nc4 46. Nf8
b2 47. Kc2 Nxa5 48. Kxb2 Kd5 49. Kc3 Nc6 50. Kd3 Nxd4 51. Nd7 Nf3 52. Nb6+ Kxe5
53. Nc4+ Kf6 54. Ke2 Ne5 55. Nd6 f4 56. Ne8+ Kg6 57. Nc7 Kf5 58. Kf1 fxg3 59.
fxg3 h4 60. gxh4 Bxh4 61. Ne8 Be7 62. Kg2 Ng6 63. Ng7+ Kf6 64. Ne8+ Kg5 65. Nc7
e5 66. Nd5 0-1

[Event "M.Chigorin Memorial 2014"]
[Site "St. Petersburg"]
[Date "2014.10.20"]
[Round "3.77"]
[White "Naumenko, Oleg"]
[Black "Sadovsky, Artem"]
[Result "1/2-1/2"]
[WhiteElo "2133"]
[BlackElo "2364"]
[PlyCount "83"]
[EventDate "2014.10.18"]
[EventType "swiss"]
[EventCountry "RUS"]

1. e4 c6 2. Nc3 d5 3. Nf3 Bg4 4. h3 Bxf3 5. Qxf3 e6 6. d3 Bb4 7. a3 Qa5 8. Bd2
d4 9. Nb1 Bxd2+ 10. Nxd2 Ne7 11. Qg3 O-O 12. b4 Qd8 13. Be2 a5 14. O-O axb4 15.
axb4 Rxa1 16. Rxa1 Na6 17. Rb1 b5 18. Nb3 Ng6 19. Bh5 Qb6 20. Bxg6 hxg6 21. Qd6
Rd8 22. Qe7 e5 23. Ra1 Qc7 24. Qxc7 Nxc7 25. Ra7 Ne6 26. Nc5 Nxc5 27. bxc5 Kf8
28. Rc7 Ra8 29. Rxc6 Ra1+ 30. Kh2 Rc1 31. Rb6 Rxc2 32. Rxb5 f6 33. Rb8+ Kf7 34.
Rb7+ Kg8 35. Rb8+ Kh7 36. Rc8 Rxf2 37. c6 Rc2 38. h4 f5 39. exf5 gxf5 40. Re8
Rxc6 41. Rxe5 Rc3 42. Rxf5 1/2-1/2

[Event "M.Chigorin Memorial 2014"]
[Site "St. Petersburg"]
[Date "2014.10.20"]
[Round "3.78"]
[White "Kukhmazov, Arsen"]
[Black "Okun, Evgeny"]
[Result "1-0"]
[WhiteElo "2351"]
[BlackElo "2108"]
[PlyCount "81"]
[EventDate "2014.10.18"]
[EventType "swiss"]
[EventCountry "RUS"]

1. d4 e6 2. c4 f5 3. Nc3 Nf6 4. Qc2 Bb4 5. e3 b6 6. Bd3 Bb7 7. f3 Qe7 8. Nge2
Qf7 9. O-O O-O 10. Nb5 d5 11. cxd5 Nxd5 12. e4 fxe4 13. Bxe4 Nc6 14. Bxh7+ Kh8
15. a3 a6 16. Nxc7 Qxc7 17. axb4 Ncxb4 18. Qxc7 Nxc7 19. Bg6 Rf6 20. Bb1 Ncd5
21. Bd2 Rc8 22. Be4 Nc6 23. Rfc1 a5 24. Rc2 Rff8 25. Rac1 Nce7 26. Kf2 Rxc2 27.
Rxc2 Rc8 28. Rxc8+ Nxc8 29. Nf4 Nd6 30. Nxe6 Nxe4+ 31. fxe4 Nf6 32. e5 Ne4+ 33.
Ke3 Nxd2 34. Kxd2 Bxg2 35. Nf4 Bb7 36. d5 Kg8 37. d6 Bc8 38. e6 Kf8 39. d7 Bxd7
40. exd7 Ke7 41. Ne6 1-0

[Event "M.Chigorin Memorial 2014"]
[Site "St. Petersburg"]
[Date "2014.10.20"]
[Round "3.79"]
[White "Galaktionov, Artem"]
[Black "Kozlitin, Oleg"]
[Result "1/2-1/2"]
[WhiteElo "2131"]
[BlackElo "2348"]
[PlyCount "124"]
[EventDate "2014.10.18"]
[EventType "swiss"]
[EventCountry "RUS"]

1. d4 c5 2. d5 f5 3. c4 Nf6 4. Nc3 d6 5. Nf3 g6 6. e3 Bg7 7. Be2 O-O 8. O-O Na6
9. Rb1 Nc7 10. a3 e5 11. dxe6 h6 12. Qb3 Rb8 13. Rd1 Bxe6 14. Qc2 Qe7 15. b3 a6
16. a4 b6 17. Bb2 Rfd8 18. Rd2 Bd7 19. Ne1 Bc6 20. Bf3 Ne4 21. Nxe4 fxe4 22.
Bxg7 Kxg7 23. Bg4 Qe5 24. Qb2 Qxb2 25. Rbxb2 Kf6 26. f3 h5 27. Bh3 g5 28. Rf2
Kg6 29. g4 hxg4 30. Bxg4 b5 31. axb5 axb5 32. fxe4 Bxe4 33. Nf3 Bd3 34. Ne1 Be4
35. Nf3 Ra8 36. Ra2 b4 37. Rxa8 Rxa8 38. Rd2 Ra6 39. Kf2 Kf6 40. Bc8 Rb6 41.
Ra2 Rb8 42. Bg4 Ra8 43. Rxa8 Bxa8 44. Nd2 d5 45. Bf3 dxc4 46. Nxc4 Nd5 47. e4
Nc7 48. Ke3 Ke7 49. Ne5 Ne6 50. Nd3 Nd4 51. Nxc5 Nc2+ 52. Kf2 Nd4 53. Bg2 Kd6
54. Nd3 Ke6 55. Nxb4 Nxb3 56. Nd3 Bc6 57. Kg3 Bb5 58. Bh3+ Kd6 59. Nf2 Ke5 60.
Kg4 Nd4 61. Bg2 Kf6 62. Kh5 Be2+ 1/2-1/2

[Event "M.Chigorin Memorial 2014"]
[Site "St. Petersburg"]
[Date "2014.10.20"]
[Round "3.80"]
[White "Baghdasaryan, Vahe"]
[Black "Gurvich, Vitaly"]
[Result "1-0"]
[WhiteElo "2343"]
[BlackElo "2106"]
[PlyCount "63"]
[EventDate "2014.10.18"]
[EventType "swiss"]
[EventCountry "RUS"]

1. e4 c5 2. Ne2 d6 3. g3 Nc6 4. Bg2 g6 5. c3 Bg7 6. d4 cxd4 7. cxd4 Nf6 8. Nbc3
O-O 9. O-O e5 10. d5 Ne7 11. f3 Nh5 12. Be3 f5 13. Rc1 Bd7 14. Qb3 b5 15. a4
bxa4 16. Nxa4 Rb8 17. Qa3 Bxa4 18. Qxa4 Rxb2 19. Rfe1 a5 20. Rb1 Rxb1 21. Rxb1
Nf6 22. Rb7 fxe4 23. fxe4 Qe8 24. Qxa5 Ng4 25. Bg5 Qf7 26. Qa7 Bh6 27. Bxh6
Nxh6 28. Rxe7 Qf6 29. h3 Nf7 30. h4 Nh6 31. Re6 Qd8 32. Re7 1-0

[Event "M.Chigorin Memorial 2014"]
[Site "St. Petersburg"]
[Date "2014.10.20"]
[Round "3.81"]
[White "Yandarbiev, Ruslan"]
[Black "Grinblat, Artemiy"]
[Result "1/2-1/2"]
[WhiteElo "2339"]
[BlackElo "2100"]
[PlyCount "94"]
[EventDate "2014.10.18"]
[EventType "swiss"]
[EventCountry "RUS"]

1. e4 e6 2. d4 d5 3. Nc3 Nf6 4. Bg5 dxe4 5. Nxe4 Nbd7 6. Nf3 h6 7. Bh4 Be7 8.
Nxf6+ Nxf6 9. Bd3 c5 10. dxc5 Qa5+ 11. c3 Qxc5 12. Qe2 O-O 13. O-O Rd8 14. Rad1
Bd7 15. Ne5 Be8 16. Kh1 Nd7 17. Bxe7 Qxe7 18. f4 Nf8 19. Qe3 f6 20. Nf3 Qc7 21.
Nd4 e5 22. fxe5 Qxe5 23. Bc4+ Kh7 24. Qxe5 fxe5 25. Rxf8 exd4 26. Rxd4 Rxd4 27.
cxd4 Rc8 28. b3 Bd7 29. Bd3+ g6 30. Rxc8 Bxc8 31. Kg1 Kg7 32. Kf2 Kf6 33. h4 g5
34. g3 Ke7 35. Ke3 Kd6 36. hxg5 hxg5 37. Bh7 b6 38. Ke4 Be6 39. Bg6 Bd7 40. Bf7
Bc8 41. b4 a5 42. a3 axb4 43. axb4 Bd7 44. d5 Bh3 45. Be6 Bxe6 46. dxe6 Kxe6
47. g4 b5 1/2-1/2

[Event "M.Chigorin Memorial 2014"]
[Site "St. Petersburg"]
[Date "2014.10.20"]
[Round "3.82"]
[White "Ovod, Evgenija"]
[Black "Skvortsov, Alexander"]
[Result "1-0"]
[WhiteElo "2325"]
[BlackElo "2099"]
[PlyCount "89"]
[EventDate "2014.10.18"]
[EventType "swiss"]
[EventCountry "RUS"]

1. d4 d5 2. c4 e6 3. Nc3 Nf6 4. Bg5 Be7 5. Nf3 O-O 6. Qc2 c6 7. e3 Nbd7 8. h3
a6 9. a3 dxc4 10. Bxc4 Nd5 11. Bxe7 Qxe7 12. Ne2 e5 13. Bxd5 cxd5 14. dxe5 Nxe5
15. Nxe5 Qxe5 16. Qc3 Qe4 17. Rd1 Be6 18. Rd4 Qb1+ 19. Qc1 Qf5 20. O-O Rac8 21.
Nc3 h6 22. Qd2 Qg6 23. Nxd5 Bxd5 24. Rxd5 Rc2 25. Qd4 Qc6 26. Rd6 Qc7 27. Rd1
Rc1 28. Rxc1 Qxc1+ 29. Kh2 Qc2 30. e4 Re8 31. e5 Qe2 32. f4 h5 33. Rb6 h4 34.
Rxb7 Qe1 35. Rb3 Re6 36. Re3 Qf2 37. Rd3 Qe1 38. Qe3 Qb1 39. Qe4 Re8 40. b4 Qa1
41. Qd4 Qe1 42. Qe3 Qa1 43. Qf3 g6 44. Qc6 Rxe5 45. Qf6 1-0

[Event "M.Chigorin Memorial 2014"]
[Site "St. Petersburg"]
[Date "2014.10.20"]
[Round "3.83"]
[White "Ivanov, Rostislav"]
[Black "Timerkhanov, Alexander"]
[Result "0-1"]
[WhiteElo "2129"]
[BlackElo "2324"]
[PlyCount "80"]
[EventDate "2014.10.18"]
[EventType "swiss"]
[EventCountry "RUS"]

1. e4 c5 2. Nf3 d6 3. d4 cxd4 4. Nxd4 Nf6 5. Nc3 a6 6. Bg5 Nbd7 7. f4 Qc7 8.
Bh4 h6 9. Qd2 e6 10. Be2 Be7 11. Bf2 b5 12. a3 Bb7 13. Bf3 Nc5 14. Qe2 Nfd7 15.
O-O Nb6 16. Rfe1 O-O 17. Rac1 Rfd8 18. g3 Rac8 19. Bg2 Nca4 20. Nd1 Bf6 21. c3
Nc5 22. h4 Nc4 23. a4 e5 24. Nf5 Nb3 25. Rc2 bxa4 26. Nde3 Nxe3 27. Bxe3 exf4
28. gxf4 Re8 29. Qg4 Kh7 30. Nxd6 Qxd6 31. e5 Qc7 32. Bxb7 Qxb7 33. exf6 g6 34.
Rce2 a3 35. bxa3 Rxc3 36. Bf2 Rxe2 37. Qxe2 Qd7 38. h5 Qf5 39. hxg6+ Qxg6+ 40.
Kf1 Rc2 0-1

[Event "M.Chigorin Memorial 2014"]
[Site "St. Petersburg"]
[Date "2014.10.20"]
[Round "3.84"]
[White "Batyuk, Artem"]
[Black "Shpartko, Grigory"]
[Result "0-1"]
[WhiteElo "2324"]
[BlackElo "2094"]
[PlyCount "70"]
[EventDate "2014.10.18"]
[EventType "swiss"]
[EventCountry "RUS"]

1. Nf3 Nf6 2. g3 b6 3. Bg2 Bb7 4. O-O c5 5. c4 d6 6. Nc3 g6 7. a3 Bg7 8. d3
Nbd7 9. Bd2 O-O 10. Rb1 e6 11. b4 d5 12. bxc5 dxc4 13. d4 Bc6 14. Bf4 bxc5 15.
Bd6 Re8 16. dxc5 Qa5 17. Rb4 Nxc5 18. Nd2 Bxg2 19. Nxc4 Qa6 20. Kxg2 Rac8 21.
Be5 Red8 22. Qb1 Ncd7 23. Bxf6 Bxf6 24. Nb5 Be7 25. Rc1 Bxb4 26. Qxb4 Nb6 27.
Ncd6 Rxc1 28. Qf4 Rxd6 29. Nxd6 Rc7 30. Qf6 Rd7 31. Ne8 Kf8 32. Qh8+ Ke7 33.
Nf6 Rd8 34. Qg7 Nd5 35. Nxh7 Qxe2 0-1

[Event "M.Chigorin Memorial 2014"]
[Site "St. Petersburg"]
[Date "2014.10.20"]
[Round "3.85"]
[White "Abramov, Nikita"]
[Black "Baraeva, Marina"]
[Result "1/2-1/2"]
[WhiteElo "2318"]
[BlackElo "2089"]
[PlyCount "92"]
[EventDate "2014.10.18"]
[EventType "swiss"]
[EventCountry "RUS"]

1. e4 e6 2. d3 d5 3. Nd2 c5 4. Ngf3 Nc6 5. g3 Bd6 6. Bg2 Nge7 7. O-O O-O 8. Re1
Bc7 9. c3 e5 10. exd5 Nxd5 11. Nc4 f6 12. Qb3 Kh8 13. Qb5 Bb6 14. Nxb6 axb6 15.
Nd2 Be6 16. Nc4 Na7 17. Qb3 b5 18. Ne3 Nxe3 19. Qxe6 Re8 20. Qh3 Nxg2 21. Qxg2
Nc6 22. Be3 Qxd3 23. Bxc5 Qc4 24. Ba3 e4 25. f3 e3 26. Rad1 Rad8 27. Rxd8 Rxd8
28. Qe2 Ne5 29. Qxc4 Nxf3+ 30. Kh1 bxc4 31. Rxe3 Ne5 32. Re2 h5 33. Bc5 Rd1+
34. Kg2 Nd3 35. Ba3 Kh7 36. Kf3 Ne5+ 37. Ke4 Kg6 38. b3 Rd3 39. Bb4 b5 40. a4
Nf3 41. bxc4 bxc4 42. Re3 Ng5+ 43. Kf4 Rd2 44. Re8 Rd3 45. Re3 Nh3+ 46. Kf3
Ng1+ 1/2-1/2

[Event "M.Chigorin Memorial 2014"]
[Site "St. Petersburg"]
[Date "2014.10.20"]
[Round "3.86"]
[White "Pimenov, Valeri"]
[Black "Gorozhanin, Mikhail"]
[Result "0-1"]
[WhiteElo "2118"]
[BlackElo "2317"]
[PlyCount "66"]
[EventDate "2014.10.18"]
[EventType "swiss"]
[EventCountry "RUS"]

1. e4 e6 2. d4 d5 3. Nc3 Bb4 4. e5 c5 5. a3 Bxc3+ 6. bxc3 Qa5 7. Bd2 Qa4 8. Qg4
g6 9. Qd1 Nc6 10. Be3 f6 11. f4 c4 12. Nf3 Bd7 13. Be2 f5 14. O-O O-O-O 15. Ng5
Rf8 16. g4 Nge7 17. h3 h6 18. Nf3 fxg4 19. hxg4 a6 20. Nh4 Na7 21. Qd2 Rhg8 22.
Kh2 Nb5 23. f5 gxf5 24. Bxh6 Rf7 25. g5 Rh7 26. Bh5 Be8 27. Bxe8 Rxe8 28. g6
Rhh8 29. Rf3 f4 30. Qxf4 Nxg6 31. Qg5 Nxh4 32. Qxh4 Qxc2+ 33. Kh1 Qe4 0-1

[Event "M.Chigorin Memorial 2014"]
[Site "St. Petersburg"]
[Date "2014.10.20"]
[Round "3.87"]
[White "Latyev, Yury"]
[Black "Mishuchkov, Nikolai M"]
[Result "1/2-1/2"]
[WhiteElo "2108"]
[BlackElo "2310"]
[PlyCount "85"]
[EventDate "2014.10.18"]
[EventType "swiss"]
[EventCountry "RUS"]

1. e4 c5 2. Nc3 e6 3. Nf3 a6 4. d4 cxd4 5. Nxd4 Qc7 6. g3 Nc6 7. Bg2 Nf6 8. O-O
d6 9. Be3 Be7 10. Qe2 O-O 11. f4 Bd7 12. h3 b5 13. a3 Nxd4 14. Bxd4 Bc6 15.
Rae1 Rfe8 16. g4 Nd7 17. Qf2 Bf8 18. g5 e5 19. fxe5 Nxe5 20. Qg3 g6 21. Rf6 Nd7
22. Rf4 Ne5 23. Ref1 Bg7 24. Qf2 Re7 25. Nd1 Rf8 26. Kh1 Ree8 27. Ne3 Qb7 28.
c3 Nd3 29. Qh4 Nxf4 30. Rxf4 h5 31. gxh6 Bxd4 32. cxd4 Qe7 33. Qg3 Kh7 34. Nf5
Qf6 35. Nh4 Qe7 36. Nf5 Qc7 37. d5 Ba8 38. Nxd6 Rd8 39. e5 f6 40. Be4 f5 41.
Bg2 Rxd6 42. exd6 Qxd6 43. Qc3 1/2-1/2

[Event "M.Chigorin Memorial 2014"]
[Site "St. Petersburg"]
[Date "2014.10.20"]
[Round "3.88"]
[White "Rjabzev, Konstantin"]
[Black "Alieva, Alexandra"]
[Result "1-0"]
[WhiteElo "2310"]
[BlackElo "2085"]
[PlyCount "111"]
[EventDate "2014.10.18"]
[EventType "swiss"]
[EventCountry "RUS"]

1. e4 c5 2. Nf3 Nc6 3. Bb5 e6 4. O-O Nge7 5. Re1 Nd4 6. Nxd4 cxd4 7. c3 a6 8.
Ba4 Nc6 9. d3 Bc5 10. e5 b5 11. Bb3 O-O 12. Nd2 d5 13. Nf3 f6 14. Qc2 Nxe5 15.
Nxd4 Bxd4 16. cxd4 Ng6 17. Bd2 a5 18. Qc5 Bd7 19. a4 Rc8 20. Qa7 Ra8 21. Qc5
Rc8 22. Qd6 Rc6 23. Qg3 b4 24. Rac1 Ne7 25. Rxc6 Nxc6 26. Bh6 Rf7 27. Be3 Qb8
28. Qxb8+ Nxb8 29. Rc1 Nc6 30. Kf1 Rf8 31. Ke2 Kf7 32. f3 Ke7 33. Bf2 Rc8 34.
Rc5 h6 35. Ke3 Rb8 36. Bg3 Rb7 37. Rb5 Rxb5 38. axb5 Nd8 39. Ba4 Nb7 40. Bc7
Be8 41. Kd2 Kd7 42. Bb6 Kd6 43. Ba7 Kc7 44. Bc5 Nd6 45. b3 Nxb5 46. Bf8 g6 47.
Bxh6 Bc6 48. Bg7 f5 49. h4 Nc3 50. Be5+ Kd7 51. Bxc6+ Kxc6 52. g4 fxg4 53. fxg4
Kb5 54. h5 a4 55. bxa4+ Kxa4 56. hxg6 1-0

[Event "M.Chigorin Memorial 2014"]
[Site "St. Petersburg"]
[Date "2014.10.20"]
[Round "3.89"]
[White "Kozhabekov, Adilkhan"]
[Black "Donskov, Anatoly"]
[Result "1-0"]
[WhiteElo "2107"]
[BlackElo "2309"]
[PlyCount "113"]
[EventDate "2014.10.18"]
[EventType "swiss"]
[EventCountry "RUS"]

1. d4 Nf6 2. Nf3 e6 3. c4 b6 4. e3 Bb7 5. Bd3 d5 6. b3 Nbd7 7. O-O Bd6 8. Bb2
O-O 9. Nbd2 c5 10. Qc2 Qc7 11. Rac1 Rac8 12. cxd5 exd5 13. Bf5 Rce8 14. g3 g6
15. Bh3 Ne4 16. Rfd1 Ndf6 17. Bg2 Qe7 18. Nxe4 Nxe4 19. Qd3 c4 20. bxc4 dxc4
21. Qxc4 Nxf2 22. Re1 Rc8 23. Qb3 Ng4 24. Rxc8 Rxc8 25. e4 Bb4 26. Re2 Ba6 27.
Rc2 Qxe4 28. Rxc8+ Bxc8 29. Qxf7+ Kxf7 30. Ng5+ Ke7 31. Bxe4 Nf6 32. Bd3 Bb7
33. Kf1 h6 34. Nh3 g5 35. Nf2 Bd5 36. a3 Bd6 37. Bc1 a5 38. Ke2 Bc6 39. Nd1 g4
40. Ne3 Bf3+ 41. Kf2 Be4 42. Bxe4 Nxe4+ 43. Ke2 Nf6 44. Nf5+ Ke6 45. Nxd6 Kxd6
46. Bxh6 Nd5 47. Kd3 b5 48. Bf8+ Ke6 49. Ke4 a4 50. Kd3 Kf5 51. Bc5 Ke6 52. Bf8
Kd7 53. Bc5 Kc6 54. Bf8 Kb6 55. Bc5+ Ka5 56. Ke4 b4 57. Kxd5 1-0

[Event "M.Chigorin Memorial 2014"]
[Site "St. Petersburg"]
[Date "2014.10.20"]
[Round "3.90"]
[White "Bratus, Petr P"]
[Black "Pisakov, Ilia"]
[Result "1/2-1/2"]
[WhiteElo "2106"]
[BlackElo "2303"]
[PlyCount "88"]
[EventDate "2014.10.18"]
[EventType "swiss"]
[EventCountry "RUS"]

1. d4 Nf6 2. Nf3 d5 3. c4 dxc4 4. e3 a6 5. Bxc4 b5 6. Bb3 e6 7. O-O Bb7 8. Qe2
c5 9. Rd1 Nbd7 10. Nc3 Qb8 11. d5 c4 12. dxe6 fxe6 13. Bc2 Bd6 14. e4 O-O 15.
h3 Nc5 16. Rxd6 Qxd6 17. e5 Qc6 18. exf6 b4 19. fxg7 Rf7 20. Nd1 Rxg7 21. Bh6
Qxf3 22. Qxf3 Bxf3 23. Bxg7 b3 24. gxf3 bxc2 25. Bh6 cxd1=Q+ 26. Rxd1 Rb8 27.
Rd4 Rxb2 28. Rxc4 Nd3 29. Rc7 Ne5 30. Rg7+ Kh8 31. Re7 Kg8 32. Rxe6 Nxf3+ 33.
Kf1 Rb1+ 34. Kg2 Nh4+ 35. Kh2 Nf5 36. Rxa6 Nxh6 37. Rxh6 Rb2 38. Ra6 Rxf2+ 39.
Kg3 Rc2 40. Ra4 Kg7 41. Rg4+ Kh6 42. a4 Kh5 43. Rh4+ Kg5 44. Rxh7 Rc3+ 1/2-1/2

[Event "M.Chigorin Memorial 2014"]
[Site "St. Petersburg"]
[Date "2014.10.20"]
[Round "3.91"]
[White "Popov, Kirill"]
[Black "Mezentsev, Ivan"]
[Result "1-0"]
[WhiteElo "2303"]
[BlackElo "2080"]
[PlyCount "85"]
[EventDate "2014.10.18"]
[EventType "swiss"]
[EventCountry "RUS"]

1. e4 e6 2. d4 d5 3. Nc3 Nf6 4. e5 Nfd7 5. f4 c5 6. Nf3 Nc6 7. Be3 Be7 8. Be2
O-O 9. O-O f6 10. exf6 Nxf6 11. Kh1 Ng4 12. Bg1 Rxf4 13. dxc5 Rf7 14. h3 Nh6
15. g4 Qf8 16. Bd3 Bd7 17. Qe2 g5 18. Nb5 Bf6 19. Nc7 Re8 20. Nxe8 Qxe8 21.
Rae1 e5 22. c4 Nb4 23. cxd5 Nxd3 24. Qxd3 Bb5 25. Qe4 Bxf1 26. Rxf1 Bg7 27. Bh2
Qb5 28. Re1 Rf8 29. b4 Nf7 30. a3 Qa4 31. Qe3 Qd7 32. Rd1 Qa4 33. Rf1 Qd7 34.
d6 Qc6 35. Kg1 Qd5 36. Qd2 Qc4 37. d7 e4 38. Ne5 Bxe5 39. Bxe5 Qe6 40. Rxf7
Qxf7 41. Qxg5+ Qg6 42. d8=Q Rxd8 43. Qxd8+ 1-0

[Event "M.Chigorin Memorial 2014"]
[Site "St. Petersburg"]
[Date "2014.10.20"]
[Round "3.92"]
[White "Fraiman, Dmitry"]
[Black "Loskutov, Sviatoslav"]
[Result "0-1"]
[WhiteElo "2093"]
[BlackElo "2302"]
[PlyCount "82"]
[EventDate "2014.10.18"]
[EventType "swiss"]
[EventCountry "RUS"]

1. e4 e6 2. d4 d5 3. Nc3 Bb4 4. a3 Bxc3+ 5. bxc3 dxe4 6. Qg4 Nf6 7. Qxg7 Rg8 8.
Qh6 Rg6 9. Qe3 c5 10. Ne2 Nc6 11. Bd2 Bd7 12. Ng3 cxd4 13. cxd4 Qb6 14. c3 Qb2
15. Rd1 Nd5 16. Qxe4 Nxc3 17. Bxc3 Qxc3+ 18. Rd2 Na5 19. Qd3 Rc8 20. Qxc3 Rxc3
21. Rd3 Rc1+ 22. Rd1 Rxd1+ 23. Kxd1 Rg4 24. Ne2 Bb5 25. Kc2 Bxe2 26. Bxe2 Rxg2
27. Kd2 Rxf2 28. Ke3 Rf5 29. h4 h6 30. Rg1 Kf8 31. Rc1 Nc6 32. Rb1 Ra5 33. Rb3
Ne7 34. Bd3 b6 35. Be4 Rh5 36. Rc3 Rxh4 37. Rc7 Rh3+ 38. Kf4 Rxa3 39. Ke5 Ra5+
40. Kd6 Nf5+ 41. Kd7 Nxd4 0-1